Nation, culture, text : Australian cultural and media studies

Saved in:
Bibliographic Details
Other Authors: Turner, Graeme (Editor)
Format: Book
Language:English
Published: London : Routledge, c1993
Series:Communication and society
Subjects:
Tags: Add Tag
No Tags, Be the first to tag this record!

MARC

LEADER 00000nam a2200000 i 4500
001 1/92589
008 991115s1993 eng d
020 |a 0-415-08886-0 
035 |l 10054104 
040 |a GR-MY-UA  |b gre  |e aacr 
041 0 |a eng 
082 0 |a 994 
245 1 0 |a Nation, culture, text :  |b Australian cultural and media studies /  |c edited by Graeme Turner 
260 |a London :   |b Routledge,   |c c1993 
300 |a 260 p. 
490 1 |a Communication and society 
504 |a Includes bibliographical references and index 
650 0 0 |a Popular culture  |z Australia  |x History  |y 20th century. 
650 0 0 |a Mass media  |z Australia  |x History  |y 20th century. 
651 0 |a Australia  |x Civilization. 
651 0 |a Australia  |x Cultural policy. 
700 1 |a Turner, Graeme.  |4 edt 
830 0 |a Communication and society 
852 |a INST  |b LESVOS  |e 19991115  |h 994 NAT  |p 005100022621  |q 005100022621  |t BK  |y 0 
901 |a BIBL1-1999-3 
909 |a Λ  |b 066871 
922 |a 1ΕΛΗ  |b 199907  |c ΚΠΣ/ΤΚ  |d ΠΑΠΑΣΩΤΗΡΙΟΥ 
950 |a 103-1998-07-27 
970 |a ΤΖΑΦΕΡΗ  |b ΕΥΑΓΓΕΛΙΑ  |z 1999/12/03